北京地铁17号线地铁站【含中段】 - Statistics

General Stats
  • This quiz has been taken 13 times
  • The average score is 20 of 21
Answer Stats
Transfers Remarks Stations % Correct
北段 未来科学城北
100%
北段 未来科学城
100%
北段 清河营
100%
北段 红军营
100%
13号线 15号线 北段(暂缓开通) 望京西
100%
10号线 北段 太阳宫
100%
北段 左家庄
100%
3号线 北段 工人体育场
100%
10号线 14号线 南段 十里河
100%
南段 十八里店
100%
南段 次渠北
100%
亦庄线 南段 次渠
100%
南段 嘉会湖
100%
北段 天通苑东
90%
12号线 北段 西坝河
90%
6号线 中段(暂未开通) 东大桥
90%
1号线 中段(暂未开通) 永安里
90%
南段 北神树
90%
7号线 中段(暂未开通) 广渠门外
80%
中段(暂未开通) 潘家园西
80%
南段 周家庄
80%
No matching quizzes found
Score Distribution
Percent of People with Each Score
Percentile by Number Answered
Your Score History
You have not taken this quiz